000 00385nam a22001337a 4500
008 230626b xxu||||| |||| 00| 0 eng d
020 _a1855210452
082 _a328.3
_bZAR 1989
100 _cY. Zarjevski
245 _aThe People Have the Floor
_bA History of the Inter-Parliamentary Union
260 _aUSA
_bDarthmouth Publishing Company
_c1989
300 _aVI,150p
942 _2ddc
_cBK
999 _c2601
_d2601